000 00761nam a2200289Ia 4500
005 20260324122044.0
008 008 260324s9999 xx 000 0 eng d
020 _a9780429212666
037 _aEBOOK
040 _aCRL
040 _beng
040 _cCRL
041 _2eng
041 _aeng
084 _qCRL
100 _aCollin C. Mabiza
_91164937
245 0 _aIntegrated Water Resources Management, Institutions and Livelihoods under Stress
245 0 _bBottom-up Perspectives from Zimbabwe; UNESCO-IHE PhD Thesis
260 _bTaylor and Francis
260 _c2013
365 _a
365 _b260
856 _uhttp://www.taylorfrancis.com/books/9780429212666
942 _cEBOOK
999 _c1757410
_d1757410